• 首页
  • 本馆介绍
  • 公告通知
  • 最新文献
  • 馆藏检索
  • 电子资源
  • 读者导购
  • 参考咨询
  • 我的图书馆
  • 登录
  • 详细信息显示
  • 放入我的书架
  • 预约/预借图书
  • 作者相关作品
  • 分类相关作品
  • 丛书相关作品
  • 出版社相关作品

书目信息

  • 表格格式
  • 工作单格式
  • 卡片格式
题名:
心理学150问
    
 
作者: 车文博 主编
分册:  
出版信息: 沈阳   辽宁人民出版社  1987
页数: 315页
开本: 20cm
丛书名:
单 册:
中图分类: B84-44 , B84
科图分类:
主题词: 心理学--问答 , 心理学
电子资源:
ISBN:
000 00617nam0 2200253 450
001 1231200453
005 20120929084306.96
010    @dCNY2.15
091    @a2090.95
100    @a19960813d1987 em y0chiy0110 ea
101 0  @achi
102    @aCN@b210000
105    @ay z 000yy
106    @ar
200 1  @a心理学150问@Axin li xue 150 wen@f车文博主编
210    @a沈阳@c辽宁人民出版社@d1987
215    @a315页@d20cm
606 0  @a心理学@x问答
606 0  @a心理学
690    @aB84-44@v3
690    @aB84@v4
701  0 @a车文博@Ache wen bo@4主编
801  0 @aCN@bNLC
905    @a10447@dB84@eJY80
    
    心理学150问/车文博主编 .-沈阳:辽宁人民出版社,1987
    315页;20cm
    
    
    ISBN :CNY2.15
    
●
相关链接 在E读中查询图书 在五车中查询图书 在当当中查询图书 在豆瓣中查询图书


正题名:心理学150问     索取号:B84/JY80         预约/预借

序号 登录号 条形码 馆藏地/架位号 状态 备注
1 7830253   278302533   学院路分馆/ [索取号:B84/JY80] 在馆    
2 7830254   278302542   学院路分馆/ [索取号:B84/JY80] 在馆    
唐山师范学院图书馆 欢迎您!
大连网信软件有限公司© 版权所有